Steele, Addison and their periodical essays (Record no. 190850)

MARC details
000 -LEADER
fixed length control field 00367nam a2200145Ia 4500
008 - FIXED-LENGTH DATA ELEMENTS--GENERAL INFORMATION
fixed length control field 230917s9999||||xx |||||||||||||| ||und||
040 ## - CATALOGING SOURCE
-- 60744
Original cataloging agency VIVEKANANDA LIBRARY
041 ## - Language
-- English
082 ## - DDC NUMBER
Classification number 824.09 H888S
100 ## - MAIN ENTRY--PERSONAL NAME
Personal name Humphreys, A R
245 #0 - TITLE STATEMENT
Title Steele, Addison and their periodical essays
260 ## - PUBLICATION, DISTRIBUTION, ETC. (IMPRINT)
Place of publication, distribution, etc London
Name of publisher, distributor, etc Longman Green
Date of publication, distribution, etc 1966
300 ## - PHYSICAL DESCRIPTION
Pages 44 p.
942 ## - ADDED ENTRY ELEMENTS (KOHA)
Koha item type Books
Holdings
Withdrawn status Lost status Damaged status Not for loan Location (home branch) Sublocation or collection (holding branch) Date acquired Koha issues (times borrowed) Koha full call number Accession No. Koha date last seen Koha item type
        VIVEKANANDA LIBRARY VIVEKANANDA LIBRARY 02/01/2003   824.09 H888S 48076 17/09/2023 Books
© Designed and Maintained by Vivekananda Library, MDU Rohtak